000 00357pam a2200157a 44500
008 230515b2005 xxu||||| |||| 00| 0 eng d
020 _a8123908954
041 _aENGLISH
082 _a0
100 _aDESAI / ABEL
245 _aFINITE ELEMENT METHOD
250 _a0
260 _aNEW DELHI
_bC B S PUBLICATION
_c2005
300 _a477P
650 _aNULL
999 _c599028
_d599028